01260cam a2200205 a 4500020001800000020001500018040000800033082002600041245012200067246006800189246002600257260007700283300005000360520048100410650001400891650001500905700001900920710006100939856005401000 a9789251072424 a9251072426 cAU@ a636 FOO 2012 A056 Or.00aLivestock sector development for poverty reduction :ban economic and policy perspective : livestock's many virtues /1 aPro-poor livestock policy initiative :ba living from livestock33aLiving from livestock aRome :bFood and Agricultural Organization of the United Nations,c2012. axix, 161 p. :bcol. ill., col. maps ;c26 cm. a"Livestock sector development for poverty reduction: an economic and policy perspective reviews major aspects of the livestock-poverty interface with the objective of identifying the conditions under which livestock can be an effective tool for poverty reduction; the interventions that allow livestock's poverty reduction potential to be unlocked, and the contexts in which they do so; and ways of facilitating sustainable implementation of these interventions."--Back cover. 0aLivestock 0aRural poor1 aOtte, Joachim,2 aFood and Agriculture Organization of the United Nations.41uhttp://www.fao.org/docrep/015/i2744e/i2744e00.pdf